000 00527cam a22002171 4500
001 sa 63002359
003 DLC
005 20260227111933.0
008 890626s1962 ii a 000 0 beno
010 _asa 63002359
035 _a(OCoLC)19928897
040 _aDLC
_cWaU
_dDLC
043 _aa-ja---
050 0 0 _aDS811
_b.B65
100 1 _aBose, Buddhadeva.
245 1 0 _aJāpāni jarnāla.
260 _c[1962]
300 _a143 p.
_billus.
_c20 cm.
500 _aIn Bengali.
651 0 _aJapan
_xDescription and travel.
999 _c54439
_d54439